Fifteen into one?: The European Union and its member states (Record no. 37015)
[ view plain ]
| 000 -LEADER | |
|---|---|
| fixed length control field | 00669nam a2200121Ia 4500 |
| 008 - FIXED-LENGTH DATA ELEMENTS--GENERAL INFORMATION | |
| fixed length control field | 220621s9999||||xx |||||||||||||| ||und|| |
| 100 ## - MAIN ENTRY--PERSONAL NAME | |
| Personal name | Wessels, Wolfgang||Mittag, Jürgen||Maurer, Andreas |
| 245 #0 - TITLE STATEMENT | |
| Title | Fifteen into one?: The European Union and its member states |
| 546 ## - LANGUAGE NOTE | |
| Language note | English[eng] |
| 650 ## - SUBJECT ADDED ENTRY--TOPICAL TERM | |
| Topical term or geographic name entry element | government||politics||maastricht||europe||Brussels||Member state of the European Union |
| 856 ## - ELECTRONIC LOCATION AND ACCESS | |
| Uniform Resource Identifier | <a href="https://library.oapen.org/bitstream/20.500.12657/35054/1/Fifteen%20into%20one.pdf||https://library.oapen.org/bitstream/20.500.12657/35054/1/Fifteen%20into%20one.pdf||https://library.oapen.org/bitstream/20.500.12657/35054/1/Fifteen%20into%20one.pdf">https://library.oapen.org/bitstream/20.500.12657/35054/1/Fifteen%20into%20one.pdf||https://library.oapen.org/bitstream/20.500.12657/35054/1/Fifteen%20into%20one.pdf||https://library.oapen.org/bitstream/20.500.12657/35054/1/Fifteen%20into%20one.pdf</a> |
| 942 ## - ADDED ENTRY ELEMENTS (KOHA) | |
| Koha item type | E-Books |
| Withdrawn status | Lost status | Damaged status | Not for loan | Home library | Current library | Date acquired | Total Checkouts | Date last seen | Price effective from | Koha item type |
|---|---|---|---|---|---|---|---|---|---|---|
| Kerala University of Digital Sciences, Innovation and Technology Knowledge Centre | Kerala University of Digital Sciences, Innovation and Technology Knowledge Centre | 21/06/2022 | 21/06/2022 | 21/06/2022 | E-Books |